Présidents du Kosovo par image - Statistiques

Statistiques générales
  • Ce quiz a été pris 42 fois
  • Le résultat moyen est 5 sur 9
Statistiques - réponses
Par images Hint Réponse % Correct
2016-2020 Hashim Thaçi
83%
2020-2021 (intérim) Vjosa Osmani
83%
Depuis 2021 Vjosa Osmani
75%
2011 Behgjet Pacolli
56%
2011-2016 Atifete Jahjaga
44%
2008-2010 Famir Sejdiu
31%
2021 (intérim) Glauk Konjufca
28%
2010-2011 (intérim) Jakup Krasniqi
28%
2011 (intérim) Jakup Krasniqi
25%
Aucun quiz correspondant
Distribution des résultats
% des personnes avec chaque résultat
Percentile par nombre de réponses
Votre historique - résultats
Vous n’avez pas pris ce quiz